|
|
|
|
| LEADER |
00699cam a2200205 7i4500 |
| 001 |
0000039964 |
| 005 |
20170218090000.0 |
| 020 |
|
|
|a 9781841262376 (pbk.)
|
| 020 |
|
|
|a 1841262374 (pbk.)
|
| 090 |
0 |
0 |
|a RC1220.S57
|b M47 2008
|
| 100 |
1 |
|
|a Meier, Ralf
|
| 245 |
1 |
0 |
|a Soccer injuries :
|b prevention and treatment
|c Ralf Meier, Andreas Schur.
|
| 260 |
|
|
|a Aachen:
|b Meyer & Meyer Sport,
|c 2008.
|
| 300 |
|
|
|a 126 p.:
|b ill.;
|c 24 cm.
|
| 650 |
0 |
0 |
|a Soccer injuries --
|x Prevention
|
| 650 |
0 |
0 |
|a Soccer injuries --
|x Treatment
|
| 700 |
1 |
|
|a Schur, Andreas
|
| 997 |
|
|
|a Business & Accountancy, Faculty
|
| 998 |
|
|
|a Sport Management Industry, Diploma
|
| 999 |
|
|
|a 0000053421
|b BOK
|c OPEN SHELF
|e 1st Floor, Shah Alam
|